Scientific writing for young astronomers (Record no. 18170)

MARC details
000 -LEADER
fixed length control field 00653nam a2200193Ia 4500
003 - CONTROL NUMBER IDENTIFIER
control field IN-BaIIA
008 - FIXED-LENGTH DATA ELEMENTS--GENERAL INFORMATION
fixed length control field 211028s9999 xx 000 0 eng d
020 ## - INTERNATIONAL STANDARD BOOK NUMBER
International Standard Book Number 978-2-7598-0639-3
040 ## - CATALOGING SOURCE
Transcribing agency IIA Library
080 ## - UNIVERSAL DECIMAL CLASSIFICATION NUMBER
Universal Decimal Classification number 52:82-92
Item number STE-2
245 #0 - TITLE STATEMENT
Title Scientific writing for young astronomers
Remainder of title a collection of papers on scientific writing, part 2
Statement of responsibility, etc. edited by Christiaan Sterken
260 ## - PUBLICATION, DISTRIBUTION, ETC.
Place of publication, distribution, etc. France
Name of publisher, distributor, etc. EDP Sciences
Date of publication, distribution, etc. 2011
300 ## - PHYSICAL DESCRIPTION
Extent xviii, 162p.
490 ## - SERIES STATEMENT
Series statement EAS publications series; v. 50
650 ## - SUBJECT ADDED ENTRY--TOPICAL TERM
Topical term or geographic name entry element Astronomy-Scientific writing
9 (RLIN) 34745
650 ## - SUBJECT ADDED ENTRY--TOPICAL TERM
Topical term or geographic name entry element Scientific writing-Astronomy
9 (RLIN) 34746
700 ## - ADDED ENTRY--PERSONAL NAME
Personal name Sterken, Christiaan ed.
9 (RLIN) 17699
942 ## - ADDED ENTRY ELEMENTS (KOHA)
Koha item type Books
Holdings
Withdrawn status Lost status Damaged status Not for loan Home library Current library Shelving location Date acquired Total Checkouts Full call number Barcode Date last seen Price effective from Koha item type
        IIA Library-Bangalore IIA Library-Bangalore General Stacks 28/11/2011   52:82-92/ STE-2 19092 05/11/2021 28/11/2011 Books

Powered by Koha